000 00389nam a22001337a 4500
005 20250928145022.0
008 250928b |||||||| |||| 00| 0 eng d
020 _a9781843104414
_qpbk
041 _aeng
082 _a155.937083
_bTUR
100 _a Turner Mary
245 _aTalking With Children And Young People About Death And Dying : Second Edition
_c/Mary Turner
942 _cENGLISH
999 _c589995
_d589995